MARC details
| 000 -CABECERA |
| campo de control de longitud fija |
01896nam a22002658i 4500 |
| 001 - NÚMERO DE CONTROL |
| campo de control |
99115815031204341 |
| 005 - FECHA Y HORA DE LA ÚLTIMA TRANSACCIÓN |
| campo de control |
20250331140740.0 |
| 008 - DATOS DE LONGITUD FIJA--INFORMACIÓN GENERAL |
| campo de control de longitud fija |
190104s2019 enka 000|0|eng|d |
| 015 ## - NÚMERO DE BIBLIOGRAFÍA NACIONAL |
| Número de bibliografía nacional |
GBB940652 |
| Fuente |
bnb |
| 016 7# - NÚMERO DE CONTROL DE UNA AGENCIA BIBLIOGRÁFICA NACIONAL |
| Número de control del registro |
019280150 |
| Fuente |
Uk |
| 020 ## - NÚMERO INTERNACIONAL ESTÁNDAR DEL LIBRO |
| Número Internacional Estándar del Libro |
9780241298817 (pbk.) : |
| 035 ## - NÚMERO DE CONTROL DEL SISTEMA |
| Número de control de sistema |
(Uk)019280150 |
| 040 ## - FUENTE DE LA CATALOGACIÓN |
| Centro catalogador/agencia de origen |
StDuBDS |
| Lengua de catalogación |
eng |
| Centro/agencia transcriptor |
StDuBDS |
| Normas de descripción |
rda |
| 100 ## - ENTRADA PRINCIPAL--NOMBRE DE PERSONA |
| Nombre de persona |
Wilkinson, Philip, |
| Fechas asociadas al nombre |
1955- |
| Término indicativo de función/relación |
author. |
| 245 10 - MENCIÓN DE TÍTULO |
| Título |
Great designs |
| Mención de responsabilidad, etc. |
/ Philip Wilkinson. |
| 246 1# - FORMA VARIANTE DE TÍTULO |
| Texto de visualización |
On cover: |
| Título propio/Titulo breve |
Great designs |
| Resto del título |
: the world's best design explored & explained |
| 264 #1 - PRODUCCIÓN, PUBLICACIÓN, DISTRIBUCIÓN, FABRICACIÓN Y COPYRIGHT |
| Producción, publicación, distribución, fabricación y copyright |
London : |
| Nombre del de productor, editor, distribuidor, fabricante |
Dorling Kindersley, |
| Fecha de producción, publicación, distribución, fabricación o copyright |
2019. |
| 300 ## - DESCRIPCIÓN FÍSICA |
| Extensión |
256 pages |
| Otras características físicas |
illustrations ; |
| Dimensiones |
28 cm |
| 500 ## - NOTA GENERAL |
| Nota general |
Previous edition: 2013. |
| 520 ## - SUMARIO, ETC. |
| Sumario, etc. |
A lavishly illustrated guide to the history of design, this book showcases more than 100 of the most groundbreaking and important design classics ever created - from the 1860s to the present.<br/><br/>Discover the story of design and its evolution from the industrial revolution to the modern day - from William Morris wallpaper and the Swiss Army Knife to 21st-century icons of design such as the Apple iPad and Philippe Starck's Masters Chair.<br/><br/>With stunning photography and useful explanatory pull-outs of characteristic features, each entry shows you the numerous ways in which art and engineering have created products that are both functional and beautiful. Comprehensive profiles of each celebrated design explain why each one was created, and who for, and how innovations in technology and materials made its creation possible.<br/><br/>Covering design from the everyday to the avant-garde, and from interior design to furniture, glassware, tableware, textiles, cars, electronics, and graphics, Great Designs is perfect for anyone who loves beautiful objects. |
| 650 #0 - PUNTO DE ACCESO ADICIONAL DE MATERIA--TÉRMINO DE MATERIA |
| Término de materia o nombre geográfico como elemento de entrada |
Industrial design |
| Subdivisión general |
History. |
| 650 #0 - PUNTO DE ACCESO ADICIONAL DE MATERIA--TÉRMINO DE MATERIA |
| Término de materia o nombre geográfico como elemento de entrada |
Furniture design |
| Subdivisión general |
History. |
| 650 #0 - PUNTO DE ACCESO ADICIONAL DE MATERIA--TÉRMINO DE MATERIA |
| Término de materia o nombre geográfico como elemento de entrada |
Product design |
| Subdivisión general |
History. |
| 942 ## - ELEMENTOS DE ENTRADA AGREGADA (KOHA) |
| Fuente del sistema de clasificación o colocación |
Clasificación de Library of Congress |